Energetické vzťahy medzi EÚ a Ruskou federáciou bakalárska práca

Gespeichert in:
Bibliographische Detailangaben
1. Verfasser: Hornáková, Alexandra
Körperschaft: Obchodná fakulta EU. Katedra medzinárodného obchodu
Weitere Verfasser: Váleková, Dagmar, 1997-
Format: Buch
Sprache:Slowakisch
Veröffentlicht: Bratislava 2025
Tags: Tag hinzufügen
Keine Tags, Fügen Sie das erste Tag hinzu!

MARC

LEADER 00000nbm a2200000 4500
001 0310977
005 20260319082538.4
041 0 |a slo 
044 |a SK 
245 1 0 |a Energetické vzťahy medzi EÚ a Ruskou federáciou  |b bakalárska práca  |c Alexandra Hornáková ; školiteľ: Dagmar Váleková 
264 1 |a Bratislava  |c 2025 
300 |a 57 s. 
100 1 |a Hornáková, Alexandra 
700 1 |a Váleková, Dagmar, 1997- 
710 2 |a Obchodná fakulta EU. Katedra medzinárodného obchodu